000
00245nam a2200109Ia 4500
008
220204s9999 xx 000 0 und d
082
_a
82-3
_b
COR
100
_a
Corelli, Marie
245
0
_a
Wormwood
260
_a
Bombay
_b
Wilco
_c
1963
942
_c
BK
999
_c
29562
_d
29562